[Event "Women's Speed Chess Q2"]
[Site "chess.com INT"]
[Date "2021.05.29"]
[Round "13"]
[White "Bodnaruk, Anastasia"]
[Black "Vo, Thi Kim Phung"]
[Result "1-0"]
[WhiteTitle "IM"]
[BlackTitle "WGM"]
[WhiteElo "2457"]
[BlackElo "2335"]
[WhiteFideId "4181751"]
[BlackFideId "12401838"]
[EventDate "2021.05.29"]

1. e4 e6 2. d4 d5 3. e5 c5 4. c3 Nc6 5. Nf3 Bd7 6. Be2 Rc8 7. O-O Nge7 8. dxc5
Ng6 9. b4 a6 10. Nbd2 Ncxe5 11. Nxe5 Nxe5 12. f4 Nc6 13. Nb3 Be7 14. Be3 O-O 15.
Bd3 g6 16. a4 Bf6 17. Qd2 Ne7 18. Nd4 Bg7 19. Nf3 f6 20. Bc2 e5 21. fxe5 fxe5
22. Bb3 Be6 23. Ng5 Bf5 24. Rad1 h6 25. Nf3 g5 26. Bxd5+ Nxd5 27. Qxd5+ Qxd5 28.
Rxd5 Be4 29. Rd2 Bc6 30. Ra1 Rfd8 31. Kf2 Rf8 32. Ke2 Rf7 33. Rb2 Bd5 34. b5
Bc4+ 35. Ke1 g4 36. Nd2 axb5 37. axb5 Bd3 38. Nb3 Rcf8 39. Rf2 Rxf2 40. Bxf2 e4
41. Bd4 Rf1+ 42. Kd2 Bxd4 43. cxd4 Rf2+ 44. Kc3 Rxg2 45. Kb4 Rc2 46. d5 e3 47.
d6 Bf5 48. Nd4 Rb2+ 49. Kc3 Rxb5 50. Kc4 Rb2 51. Nxf5 e2 52. Re1 Rd2 53. Kc3 Rd5
54. Nd4 Rxc5+ 55. Kd3 Rd5 56. Rxe2 Rxd6 57. Re7 b6 58. Ke4 Kf8 59. Rb7 Rf6 60.
Nf5 h5 61. Kf4 Rg6 62. Rb8+ Kf7 63. Rb7+ Kf8 64. Kg3 Rf6 65. Nh4 Rf1 66. Ng6+
Kg8 67. Kh4 Rh1 68. Kg3 Rg1+ 69. Kf2 Rh1 70. Kg2 Rb1 71. Nh4 Rb2+ 72. Kg3 Rb3+
73. Kf4 Rh3 74. Nf5 Rxh2 75. Kg5 Kf8 76. Kf6 Ke8 77. Rxb6 Kd7 78. Rd6+ Kc7 79.
Rd3 h4 80. Kg5 g3 81. Nxh4 g2 82. Nxg2 Rxg2+ 83. Kf4 Rf2+ 84. Ke5 Rf6 85. Kxf6
Kc6 86. Ke6 Kc5 87. Ke5 Kc4 88. Rd8 Kc5 89. Rc8+ Kb6 90. Kd6 Kb7 91. Rc1 Kb6 92.
Rb1+ Ka5 93. Kc5 Ka4 94. Rb7 Ka3 95. Kc4 Ka2 96. Kc3 Ka3 97. Ra7# 1-0

[Event "Women's Speed Chess Q2"]
[Site "chess.com INT"]
[Date "2021.05.29"]
[Round "13"]
[White "Dordzhieva, Dinara"]
[Black "Belenkaya, Dina"]
[Result "1/2-1/2"]
[WhiteTitle "WGM"]
[BlackTitle "WGM"]
[WhiteElo "2334"]
[BlackElo "2304"]
[WhiteFideId "24157570"]
[BlackFideId "24142654"]
[EventDate "2021.05.29"]

1. Nf3 d5 2. g3 Bg4 3. Bg2 c6 4. O-O e6 5. c4 Nf6 6. cxd5 Bxf3 7. Bxf3 cxd5 8.
d4 Nc6 9. Nc3 Be7 10. e3 O-O 11. Qb3 Qd7 12. Bd2 Rfc8 13. Rfc1 Na5 14. Qd1 Nc4
15. Rab1 b5 16. Be1 b4 17. Ne2 a5 18. Nf4 Bd6 19. Nd3 Rc7 20. b3 Na3 21. Rxc7
Qxc7 22. Rc1 Qb7 23. Nc5 Bxc5 24. dxc5 Rc8 25. Qd3 Nb5 26. Be2 Na7 27. f3 Nd7
28. Qd4 Nc6 29. Qd3 Nce5 30. Qd4 Nc6 31. Qd2 Na7 32. Bf2 Nb5 33. Bxb5 Qxb5 34.
e4 dxe4 35. fxe4 Ne5 36. Kg2 Nd3 37. Rd1 Nxf2 38. Qd8+ Qe8 39. Qxe8+ Rxe8 40.
Kxf2 Rc8 41. Ke3 Kf8 42. Rc1 Ke7 43. e5 Kd7 44. Kd4 Kc6 45. Kc4 Rd8 46. Rf1 Rd5
47. Rxf7 Rxe5 48. Rxg7 Rxc5+ 49. Kd3 Rh5 50. h4 h6 51. Rg6 Kd6 52. Ke3 Re5+ 53.
Kf3 h5 54. Rg8 Rf5+ 55. Ke3 Re5+ 56. Kd3 Rc5 57. Ra8 Rc3+ 58. Kd4 Rxg3 59. Rxa5
Rg4+ 60. Kd3 Rxh4 61. Rb5 Kc6 62. Re5 Kd6 63. Rb5 e5 64. Ke3 Rh3+ 65. Ke4 Rh2
66. Ke3 Rxa2 67. Rxb4 Rb2 68. Rb6+ Kd5 69. Rb5+ Ke6 70. Ke4 Re2+ 71. Kf3 Rb2 72.
Ke4 Re2+ 73. Kf3 Rh2 74. Ke4 Rh4+ 75. Kf3 Rf4+ 76. Ke3 h4 77. Rb6+ Kf5 78. Rh6
Rb4 79. Rh5+ Kf6 80. Rh6+ Kg5 81. Re6 Kf5 82. Rh6 Rxb3+ 83. Kf2 Rb4 84. Kf3 Rf4+
85. Ke3 Re4+ 86. Kf3 Rf4+ 87. Ke3 Rb4 88. Rh5+ Kf6 89. Rh6+ Kg5 90. Rh8 Kg4 91.
Rg8+ Kh3 92. Re8 e4 93. Rg8 Kh2 94. Rg4 h3 95. Rg8 Rb3+ 96. Kxe4 Rg3 97. Ra8 Rg2
98. Kf3 Rg6 99. Ra2+ Rg2 100. Ra1 Rg1 101. Ra2+ Rg2 102. Ra1 Rg1 103. Ra2+ Rg2 1/2-1/2

[Event "Women's Speed Chess Q2"]
[Site "chess.com INT"]
[Date "2021.05.29"]
[Round "13"]
[White "Papp, Petra"]
[Black "Nikolova, Adriana"]
[Result "1/2-1/2"]
[WhiteTitle "WGM"]
[BlackTitle "WGM"]
[WhiteElo "2336"]
[BlackElo "2243"]
[WhiteFideId "739049"]
[BlackFideId "2908689"]
[EventDate "2021.05.29"]

1. e4 c5 2. Nf3 Nc6 3. d4 cxd4 4. Nxd4 Nf6 5. Nc3 d6 6. Nd5 e6 7. Nxf6+ Qxf6 8.
Nb5 Qd8 9. Bf4 e5 10. Be3 Be7 11. Qd2 Be6 12. O-O-O O-O 13. Nxd6 Bxd6 14. Qxd6
Qa5 15. Qa3 Qxa3 16. bxa3 Bxa2 17. Rd7 b6 18. Kb2 Be6 19. Rd6 Na5 20. Bd3 Rfd8
21. Rxd8+ Rxd8 22. Bd2 Nb7 23. Be3 f6 24. Be2 Kf7 25. Rd1 Rc8 26. Ba6 Rc7 27.
Bxb7 Rxb7 28. Bd2 Rc7 29. Bb4 Bd7 30. f3 Ba4 31. Rd2 a5 32. Bc3 Ke6 33. g4 g6
34. h4 Be8 35. Rh2 Bb5 36. Rg2 g5 37. hxg5 fxg5 38. Rh2 Be8 39. Rd2 Rf7 40. Rd3
Bc6 41. Bd2 h6 42. c4 b5 43. cxb5 Bxb5 44. Rb3 Bc4 45. Rb6+ Kd7 46. Rxh6 Rxf3
47. Bxg5 Rb3+ 48. Kc2 Rxa3 49. Bf6 Bd3+ 50. Kb2 Ra4 51. Bxe5 Rxe4 52. Bc3 a4 53.
g5 Re2+ 54. Ka3 Bc2 55. Rh4 Re3 56. Rd4+ Kc6 57. Kb2 Bb3 58. Rg4 Re2+ 59. Ka3
Kb5 60. Bb2 Be6 61. Rg3 Bg8 62. g6 Re1 63. g7 Rf1 64. Rg5+ Kc4 65. Kxa4 Rf2 66.
Ba3 Ra2 67. Rg4+ Kc3 68. Rg3+ Kd4 69. Kb4 Rc2 70. Rf3 Ke4 71. Rf8 Bd5 72. g8=Q
Bxg8 73. Rxg8 Rf2 74. Re8+ Kd5 75. Rd8+ Kc6 76. Rc8+ Kb7 77. Rc1 Rf4+ 78. Kb3
Rf3+ 79. Ka4 Rf4+ 80. Bb4 Rg4 81. Kb5 Rg5+ 82. Bc5 Rg2 83. Rf1 Rb2+ 84. Bb4 Kc7
85. Rf7+ Kd8 86. Rh7 Ke8 87. Kc5 Rb1 88. Bc3 Rc1 89. Kc4 Kf8 90. Kd4 Kg8 91. Ra7
Rd1+ 92. Ke5 Rd3 93. Bd4 Rd1 94. Be3 Re1 95. Ke4 Kf8 96. Kf4 Rf1+ 97. Ke4 Rf7
98. Ra8+ Kg7 99. Bd4+ Kg6 100. Rg8+ Kh7 101. Rg1 Rf8 102. Be5 Rf7 103. Kd5 Kh6
104. Ke6 Rf2 105. Bf6 Kh5 106. Kf7 Rf3 107. Rg5+ Kh6 108. Rg8 Kh5 109. Rg5+ Kh6
110. Rg4 Rf5 111. Ke6 Ra5 112. Be5 Ra6+ 113. Kf5 Kh7 114. Rh4+ Kg8 115. Rh8+ Kf7
116. Rh7+ Kg8 117. Rb7 Rc6 118. Bf6 Rc1 119. Kg6 Rg1+ 120. Bg5 Rf1 121. Rg7+ Kf8
122. Rd7 Re1 123. Bh6+ 1/2-1/2